000 00961nam a2200301 i 4500
003 EG-GICUC
005 20260121171136.0
008 260121s1998 be ||||fr ||| 00| 0 fre d
020 _a2802710583
040 _aEG-GICUC
_cEG-GICUC
_dEG-GICUC
_erda
_bfre
041 0 _afre
082 0 4 _221
_a341.33
_bLE . I
092 0 4 _221
099 _aLaw1 11 341.33 LE . I 1998
100 1 _aPingel-Lenuzza,Isabelle
_eAuteur
245 1 2 _aLes Immunites Des Etats En Droit International /
_cIsabelle Pingel-Lenuzza .
264 0 _aBelgique :
_bUniversite De Bruxelles ,
_c1998 .
300 _a442 Pages ;
_c30 cm.
336 _atext
_2rda content
337 _aComputer
_2rda media
338 _aOnline Resource
_2rda carrier
546 _aTexte en français
650 0 4 _aDroit international public
650 0 4 _aLa diplomatie et le corps diplomatique
856 _uhttps://fll.law.cu.edu.eg/fulltext/th/B11-06874.pdf
905 _a59
942 _2ddc
_cBK
_e21
_n0
999 _c58521
_d58521